000 00703nam a22002537a 4500
008 130424b xxu||||| |||| 00| 0 eng d
020 _a81-7024-729-2
024 _cAvailable
037 _cAvailable
040 _aMBSTU Library
_dMBSTU Library
082 _222
_a341.481 JAH
100 _aJaswal, Paramjit S.
110 _aNishtha Jaswal
245 _aHuman rights and the law
260 _aNew Delhi
_bAPH Publisher Corporation
_c1996
300 _a22.5 cm.
_b395 page
_f10
_g22.5 cm.
600 _aHuman rights
650 _2Human rights
700 _aJaswal, Paramjit S.
270 _aNew Delhi
_bNew Delhi
_dIndia
365 _bRs.600.00
_dRs.600.00
942 _2ddc
_cBK
999 _c217
_d217